Ultimate Australian Animals Picture Quiz - Statistics

General Stats
  • This quiz has been taken 9 times
  • The average score is 15 of 26
Answer Stats
Picture Answer % Correct
Koala
100%
Platypus
100%
Dingo
88%
Pelican
88%
Wombat
88%
Bearded dragon
75%
Echidna
75%
Kookaburra
75%
Possum
75%
Quokka
75%
Red Kangaroo
75%
Cassowary
63%
Cockatoo
63%
Grey kangaroo
50%
Magpie
50%
Saltwater crocodile
50%
Sealion
50%
Lorikeet
38%
Monitor lizard
38%
Numbat
38%
Red belly
38%
Sugar glider
38%
Frilled lizard
25%
Galah
25%
Quoll
25%
Little Blue Penguin
13%
No matching quizzes found
Score Distribution
Percent of People with Each Score
Percentile by Number Answered
Your Score History
You have not taken this quiz